000 00687nam a2200289Ia 4500
005 20260324134245.0
008 008 260324s9999 xx 000 0 eng d
020 _a9780203953464
037 _aEBOOK
040 _aCRL
040 _beng
040 _cCRL
041 _2eng
041 _aeng
084 _qCRL
100 _aNick Bostrom
_91196148
245 0 _aAnthropic Bias
245 0 _bObservation Selection Effects in Science and Philosophy
260 _bTaylor and Francis
260 _c2002
365 _a
365 _b240
856 _uhttp://www.taylorfrancis.com/books/9780203953464
942 _cEBOOK
999 _c1796034
_d1796034